000 00608 a2200205 4500
020 _a1-57231-359-5
040 _aDLC
_bDLC
082 _a005.369
082 _a005.369
082 _a005.369
100 1 _aWells, Eric
245 0 0 _aMicrosoft Excel 97 developer's handbook
_cEric Wells, Steve Harshbarger
260 _aRedmond, Wash. :
_bMicrosoft Press,
_ccop. 1997
300 _axxvi, 623 s. :
_bill.
650 0 _aBusiness
_xComputer programs
650 0 _aElectronic spreadsheets
650 0 _aComputer software
_xDevelopment
_xSoftware
700 1 _aHarshbarger, Steve
942 _cBK
_k005.369 WEL
_2ddc
999 _c6163
_d6163